| 000 | 00604aam a2200229 4500 | ||
|---|---|---|---|
| 005 | 20160902125905.0 | ||
| 008 | 150310b xxu||||| |||| 00| 0 spa d | ||
| 041 | _aspa | ||
| 082 | _aCR 863.44 M977f | ||
| 100 |
_aMurillo Vargas, Juan Ramón _917521 |
||
| 245 | _aLas flores del duraznero: memorias zarceñas | ||
| 260 | _aCosta Rica | ||
| 260 | _bEUNED | ||
| 260 | _c2008 | ||
| 300 | _a136 páginas | ||
| 650 |
_aCOSTA RICA _917522 |
||
| 650 |
_aCUENTOS COSTARRICENSES _92060 |
||
| 650 |
_aRELATOS COSTARRICENSES _917523 |
||
| 650 |
_aZARCERO _917524 |
||
| 650 |
_aALAJUELA _94424 |
||
| 942 | _cBK | ||
| 999 |
_c3848 _d3848 |
||